C : The New Cambridge English Course Intermediate . vol. 3 . Practice /

Guardat en:
Dades bibliogràfiques
Autor principal: O'sullivan, Desmon
Altres autors: Swan, Michael, Walter, Catherine
Format: Sách giấy
Idioma:English
Publicat: Cambridge : Cambridge University, 1992
Etiquetes: Afegir etiqueta
Sense etiquetes, Sigues el primer a etiquetar aquest registre!
Thư viện lưu trữ: Thư viện Trường Đại học Đà Lạt
LEADER 00708nam a2200265 4500
001 DLU020001160
005 ##1/23/1999
020 # # |a 0-521-37663-7 
041 # # |a eng 
082 # # |a 428  |b OS-D 
100 # # |a O'sullivan, Desmon 
245 # # |a C :  |b The New Cambridge English Course Intermediate .  |n vol. 3 .  |p Practice /  |c Desmon O'Sullivan, MichaelSwan, Catherine Walter 
260 # # |a Cambridge :  |b Cambridge University,  |c 1992 
300 # # |a 128 tr.;  |c 29 cm. 
700 # # |a Swan, Michael 
700 # # |a Walter, Catherine 
992 # # |a 18000 
994 # # |a DLU 
900 # # |a False 
911 # # |a Administrator 
925 # # |a G 
926 # # |a A 
927 # # |a SH 
980 # # |a Thư viện Trường Đại học Đà Lạt